Effect of fermented rice bran on growth rate of chicken and faecal indigenous microflora; ឥទ្ធិពលល្បើងកន្ទក់ លើការលូតលាស់របស់មាន់សាច់ និងវត្តមាន មីក្រូសារពាង្គកាយក្នុងលាមក (Record no. 10230)

000 -LEADER
fixed length control field 00675nam a22001457a 4500
003 - CONTROL NUMBER IDENTIFIER
control field OSt
005 - DATE AND TIME OF LATEST TRANSACTION
control field 20160922153723.0
008 - FIXED-LENGTH DATA ELEMENTS--GENERAL INFORMATION
fixed length control field 160922b xxu||||| |||| 00| 0 eng d
040 ## - CATALOGING SOURCE
Transcribing agency RUA
082 ## - DEWEY DECIMAL CLASSIFICATION NUMBER
Classification number MGR NEA 2004 B388 Or.
100 ## - MAIN ENTRY--PERSONAL NAME
9 (RLIN) 10637
Personal name NEANG SOKHORN; នាង សុឃន
245 ## - TITLE STATEMENT
Title Effect of fermented rice bran on growth rate of chicken and faecal indigenous microflora; ឥទ្ធិពលល្បើងកន្ទក់ លើការលូតលាស់របស់មាន់សាច់ និងវត្តមាន មីក្រូសារពាង្គកាយក្នុងលាមក
300 ## - PHYSICAL DESCRIPTION
Extent 61p.
Other physical details ill.
Dimensions 29cm.
942 ## - ADDED ENTRY ELEMENTS (KOHA)
Source of classification or shelving scheme
Koha item type MGR

No items available.

មជ្ឈមណ្ឌលឯការនៃសាកលវិទ្យាល័យភូមិន្ទកសិកម្មចំការដូង

Powered by Koha